000 00967nas a2200325 4500
001 BR0604600
003 BR-BrBNA
005 20231205110431.0
007 ta
008 230509b bl.|||p| |||| 00| 00por d
040 _aBR-BrBNA
_bpor
_cBiblioteca Nacional de Agricultura
041 _a(Pt)
072 _aL74
100 1 _aSantos, M. del C.G. y
100 1 _aSchild, A.L.
100 1 _aBarros, S.S. de
100 1 _aRiet-Correa, F.
100 1 _aElias, F.
100 1 _aRamos, A.T.
245 1 _aLesões perinatais em bovinos na intoxicação experimental por Ateleia glazioviana (Leg. Papilionoideae)
650 _aBOVINO
650 _aINTOXICAÇÃO ANIMAL
650 _aPLANTA TÓXICA
650 _aLESÃO
650 _aABORTO
650 _aFIBROSE
773 0 _tPesquisa Veterinária Brasileira (Brazil)
_xISSN 0100-736X
_g(Oct-Dec 2004), v. 24(4) p. 178-184
_wBR0604600
909 _a202311
_bLúcia
_c55
_dLúcia Elande
942 _2AGRIS
_n0
_cANA
999 _c187376
_d187376